000 00591nam a2200205 i 4500
001 bgj
100 1 _aSCHOPENHAUER, Arthur.
245 1 0 _aArthur Schopenhauer's Sämmtliche Werke.
_chrsg. von Julius Frauenstädt.
_nBd. 1,
_pSchriften zur Erkenntnißlehre /
250 _a2. Aufl. Neue Ausg.
260 _aLepzig :
_bF. A. Brockhaus,
_c1919.
300 _a685 s. pag. varia :
_bil. ;
_c22 cm.
650 9 _aFilozofia
700 1 _aFRAUENSTÄDT, Julius.
040 _cBPK
041 0 _ager
044 _aDEU
080 _a1
942 _cKS
008 s gw f |000 0 ger
999 _c49451
_d49451